Höchste Berge Österreichs nach Bundesländern - Statistiken

Allgemein
  • Dieses Quiz wurde 294 mal gespielt
  • Das Durchschnittsergebnis liegt bei 4 aus 7
Antwortstatistiken
Bundesland Seehöhe über Adria Berg % Korrekt
Tirol/Kärnten 3798 m Grossglockner
98%
Steiermark/OÖ 2995 m Dachstein
75%
Salzburg 3666 m Grossvenediger
65%
Niederösterreich 2076 m Schneeberg/Klosterwappen
63%
Vorarlberg 3312 m Piz Buin
47%
Burgenland 879 m Geschriebenstein
30%
Wien 542 m Herrmannskogel
14%
Keine übereinstimmenden Quizze gefunden
Verteilung der Resultate
Anzahl Personen mit jedem Resultat
Perzentil nach korrekt beantworteten Fragen
Ihre Resultats-Entwicklung
Sie haben dieses Quiz noch nicht gespielt